Statistics for African Capitals with Letter C

Click here to take the quiz!

General Stats

  • This quiz has been taken 102 times
    (92 since last reset)
  • The average score is 4 of 6

Answer Stats

Capital% Correct
Cairo
96%
Cape Town
83%
Conakry
69%
Accra
61%
Nouakchott
41%
Victoria
33%

Score Distribution

Percentile by Number Answered

Percent of People with Each Score

Your Score History

You have not taken this quiz since the last reset